| 000 | 00931 a2200217 4500 | ||
|---|---|---|---|
| 003 | Nust | ||
| 005 | 20250926175241.0 | ||
| 010 | _a 93087698 | ||
| 020 | _a0782114989 (pbk.) : | ||
| 040 | _cNust | ||
| 082 | 0 | 0 | _a621.3916,MIN |
| 100 | 1 |
_aMinasi, Mark. _957995 |
|
| 245 | 1 | 4 |
_aThe complete PC upgrade and maintenance guide / _cMark Minasi. |
| 250 | _arevised 2nd ed. | ||
| 260 |
_aSan Francisco : _bSybex, _cc1994. |
||
| 300 |
_axxxv, 807 p. : _bill. ; _c23 cm. |
||
| 505 | _aGetting Started (Page-1) Disassembling the PC (Page-13) Inside the PC: Pieces of the Picture (Page-51) Avoiding Service: Preventive Maintenance (Page-117) Troubleshooting Problems: What to do When Something Goes Wrong (Page-143) Installing New Circuit Boards (Page-177) Repairs with Circuit Board and Chips (Page-227). | ||
| 650 | 0 |
_aMicrocomputers _xMaintenance and repair. _936710 |
|
| 650 | 0 |
_aMicrocomputers _xUpgrading. _994563 |
|
| 942 |
_2ddc _cBK |
||
| 999 |
_c176236 _d176236 |
||